00432nam a2200157Ia 4500008004100000020001400041082001700055100001800072245005200090250000800142260004100150300002400191500001900215600002000234650002000254240925s9999 xx 000 0 und d a853087849 a346.4207 ADA aAdams, Trevor 0aBusiness Law and Practice: legislation handbook a1st aNew York:bDelmar Publishersc,2002. a1139p.b0fOriginal aIncludes Index aSocial Sciences aSocial Sciences